000 01026nam a22003257a 4500
003 CHAP
005 20220329141217.0
008 971010s1975 mx r 00010 spa d
010 _a64421
011 _a65393
035 _a72111
040 _cCHAP
090 _aFolleto 3801
110 _aComisión Nacional de Fruticultura. México
_925772
245 1 _aFrambuesa y zarzamora
260 _aMéxico, D.F. :
_bLa Comisión,
_c1975
300 _a38 p.
_b: ilus.
490 0 _aSerie de divulgación
_v; 17
590 _aBATCH-UPD
_b10
_c20130110
_lUCH01
_h1845
590 _aBATCH-UPD
_b10
_c20130410
_lUCH01
_h1215
590 _aBATCH-UPD
_b10
_c20130914
_lUCH01
_h1435
590 _aCONVERSION
_b10
_c20130109
_lUCH01
_h1335
650 1 4 _aFrambuesa.
_942867
650 1 4 _aZarzamora.
_9123730
830 0 _aSerie de divulgación
_v; 17
_9104706
901 _aBK
942 _cFOLL
949 _aFolleto 3801
_bBC
_cFOLL
_d-142619
_eTS1
_i72111
_si
949 _aFolleto 3801
_bBC
_cFOLL
_d33724002240009
_eTS2
_fc.2
_gDonaciØn
_i72111
_si
999 _c64421
_d64421